<?xml version="1.0" encoding="UTF-8"?>
<record
    xmlns:xsi="http://www.w3.org/2001/XMLSchema-instance"
    xsi:schemaLocation="http://www.loc.gov/MARC21/slim http://www.loc.gov/standards/marcxml/schema/MARC21slim.xsd"
    xmlns="http://www.loc.gov/MARC21/slim">

  <leader>00281nam a2200097Ia 4500</leader>
  <controlfield tag="001">1172769</controlfield>
  <controlfield tag="005">20250827012601.0</controlfield>
  <controlfield tag="008">250824s9999    xx            000 0 und d</controlfield>
  <datafield tag="245" ind1=" " ind2="0">
    <subfield code="a">CEPLER&#x130;NE &#xC7;&#x130;&#xC7;EK DOLDURAN &#xC7;OCUK </subfield>
    <subfield code="c">TOLGA G&#xDC;M&#xDC;&#x15E;AY</subfield>
  </datafield>
  <datafield tag="260" ind1=" " ind2=" ">
    <subfield code="b">G&#xDC;NI&#x15E;IGI K&#x130;TAPLI&#x11E;I YAYINLARI</subfield>
  </datafield>
  <datafield tag="999" ind1=" " ind2=" ">
    <subfield code="c">1172769</subfield>
    <subfield code="d">1172769</subfield>
  </datafield>
  <datafield tag="952" ind1=" " ind2=" ">
    <subfield code="0">0</subfield>
    <subfield code="1">0</subfield>
    <subfield code="4">0</subfield>
    <subfield code="7">0</subfield>
    <subfield code="a">1029</subfield>
    <subfield code="b">1029</subfield>
    <subfield code="d">2025-08-24</subfield>
    <subfield code="l">0</subfield>
    <subfield code="p">10298769180</subfield>
    <subfield code="r">2025-08-27 01:26:01</subfield>
    <subfield code="w">2025-08-27</subfield>
    <subfield code="y">BK</subfield>
  </datafield>
</record>
